Selena Gomez - Paroles Love On - Statistiques

Statistiques générales
  • Ce quiz a été pris 15 fois
  • Le résultat moyen est 322 sur 500
Statistiques - réponses
Hint Réponse % Correct
I
100%
(I
100%
I,
100%
I wanna love on, oh
100%
love
91%
love,
91%
my
91%
on
91%
on,
91%
on)
91%
On
91%
the
91%
The
91%
Outro | Refrain Wait
91%
wait
91%
wait,
91%
(Wait
91%
a
82%
of
82%
to
82%
you
82%
You
82%
bar
73%
in
73%
in,
73%
make
73%
no
73%
oh
73%
Pré-refrain Oh,
73%
oh,
73%
te
73%
we
73%
your
73%
baby,
64%
(Baby,
64%
Baby,
64%
back
64%
be
64%
can't
64%
car?
64%
Come
64%
come
64%
if
64%
je
64%
Je
64%
roller
64%
'til
64%
'til,
64%
turn
64%
bathroom
55%
Bazaar
55%
ce
55%
could
55%
fallin'
55%
get
55%
have
55%
jump
55%
"L'amour"
55%
"L'amour
55%
memoir,
55%
nommer ?
55%
nommer,
55%
que
55%
Intro Qu'est
55%
tell
55%
tell)
55%
think
55%
vais
55%
about
45%
all
45%
cheap
45%
coaster
45%
Got
45%
got
45%
I'm
45%
off
45%
Or
45%
or
45%
out
45%
patient
45%
promise
45%
rollercoaster
45%
steak
45%
tartare
45%
Couplet 1 This
45%
this
45%
Time
45%
wanna
45%
what
45%
when
45%
When
45%
Couplet 2 Why
45%
yeah
45%
at
36%
'Cause,
36%
covered
36%
covered)
36%
for
36%
jeans,
36%
just
36%
Just
36%
mathematical
36%
ride,
36%
some
36%
somewhere
36%
than
36%
thrill
36%
up
36%
us
36%
with
36%
You'll
36%
you'll
36%
You're
36%
an
27%
applause
27%
are
27%
but
27%
deserve
27%
doesn't
27%
equation
27%
here
27%
Keeping
27%
last
27%
like
27%
making
27%
mess
27%
night
27%
other
27%
outcome
27%
over
27%
screaming
27%
see
27%
Slip
27%
sort
27%
tendre"
27%
wall
27%
Clock
18%
conversing
18%
fell
18%
garments
18%
late
18%
perks
18%
quotations
18%
sheets
18%
shift,
18%
slide
18%
stall,
18%
straight,
18%
straight
18%
work,
18%
"Yes"
18%
stamping
9%
woo!
9%
also
0%
likе
0%
might
0%
timе
0%
Aucun quiz correspondant
Distribution des résultats
% des personnes avec chaque résultat
Percentile par nombre de réponses
Votre historique - résultats
Vous n’avez pas pris ce quiz